000 00821nas a2200277 4500
001 BR9607347
003 BR-BrBNA
005 20231205094937.0
007 ta
008 230509b bl.|||p| |||| 00| 00por d
040 _aBR-BrBNA
_bpor
_cBiblioteca Nacional de Agricultura
041 _a(Pt)
072 _aP40
100 1 _aMarques Junior, S.
100 1 _aValadao, L.T.
100 1 _aVieira, A.R.R.
100 1 _aMoura, M.V.T. de
245 1 _aAnalise de dados de vento para a regiao de Botucatu - SP utilizando a distribuicao beta
650 _aVento
650 _aClima
650 _aBotucatu
650 _aSao Paulo
773 0 _tRevista Brasileira de Agrometeorologia (Brazil)
_xISSN 0104-1347
_g(1995), v. 3 p. 129-132
_wBR9607347
909 _a202311
_bLúcia
_c55
_dLúcia Elande
942 _2AGRIS
_n0
_cANA
999 _c147862
_d147862